Consturction and Design Manual Architectural Renderings History and Theory Studios & Practices (Record no. 3154)
[ view plain ]
| 000 -LEADER | |
|---|---|
| fixed length control field | 00331nam a2200109Ia 4500 |
| 008 - FIXED-LENGTH DATA ELEMENTS--GENERAL INFORMATION | |
| fixed length control field | 200302s9999 xx 000 0 und d |
| 100 ## - MAIN ENTRY--PERSONAL NAME | |
| Personal name | Fabio Schillaci |
| 245 ## - TITLE STATEMENT | |
| Title | Consturction and Design Manual Architectural Renderings History and Theory Studios & Practices |
| 260 ## - PUBLICATION, DISTRIBUTION, ETC. | |
| Name of publisher, distributor, etc. | Dom Publishing Co., |
| 260 ## - PUBLICATION, DISTRIBUTION, ETC. | |
| Date of publication, distribution, etc. | 2009 |
| 300 ## - PHYSICAL DESCRIPTION | |
| Extent | 465 P., |
| Withdrawn status | Lost status | Source of classification or shelving scheme | Damaged status | Not for loan | Permanent Location | Current Location | Date acquired | Cost, normal purchase price | Full call number | Barcode | Date last seen | Price effective from | Koha item type |
|---|---|---|---|---|---|---|---|---|---|---|---|---|---|
| BMS College of Architecture, Design and Planning | BMS College of Architecture, Design and Planning | 2020-03-03 | 5168.00 | 720.28 | CL-UG62366 | 2020-03-03 | 2020-03-03 | UG Books from CL |